Historia del Concilio de Trento / (Record no. 176027)

MARC details
000 -LEADER
campo de control de longitud fija 01303nam a2200313 i 4500
001 - NÚMERO DE CONTROL
campo de control 176027
003 - IDENTIFICADOR DE NÚMERO DE CONTROL
campo de control ES-MaACL
005 - FECHA Y HORA DE LA ÚLTIMA TRANSACCIÓN
campo de control 20250830111240.0
007 - CAMPO FIJO DE DESCRIPCIÓN FÍSICA--INFORMACIÓN GENERAL
campo de control de longitud fija t|
008 - DATOS DE LONGITUD FIJA--INFORMACIÓN GENERAL
campo de control de longitud fija 101210s19721975sp ||||1| spa d
020 ## - NÚMERO INTERNACIONAL ESTÁNDAR DEL LIBRO
Número Internacional Estándar del Libro 84-313-0388-3 (v.III)
080 ## - NÚMERO DE LA CLASIFICACIÓN DECIMAL UNIVERSAL
Número de la Clasificación Decimal Universal 27-732.3 Trento
100 1# - ENTRADA PRINCIPAL--NOMBRE DE PERSONA
Nombre de persona Jedin, Hubert.
9 (RLIN) 66260
245 10 - MENCIÓN DEL TÍTULO
Título Historia del Concilio de Trento /
Mención de responsabilidad, etc. Hubert Jedin ; [versión castellana de Daniel Ruiz Bueno y Emilio Prieto Martín ; revisada y corregida por profesores de la Facultad de Teología].
260 ## - PUBLICACIÓN, DISTRIBUCIÓN, ETC.
Lugar de publicación, distribución, etc. Pamplona :
Nombre del editor, distribuidor, etc. Ediciones Universidad de Navarra,
Fecha de publicación, distribución, etc. 1972-1975.
300 ## - DESCRIPCIÓN FÍSICA
Extensión 3 v. ;
Dimensiones 23 cm.
490 1# - MENCIÓN DE SERIE
Mención de serie Biblioteca de Teología ;
Designación de volumen o secuencia 11
500 ## - NOTA GENERAL
Nota general Índices.
505 80 - NOTA DE CONTENIDO CON FORMATO
Nota de contenido con formato Contiene: I. lucha por el Concilio, La. --II. Primer período (1545-1547), El. --III. Etapa de Bolonia (1547-1548) ; Segundo periodo de Trento (1551-1552)
594 ## - Nota al título y mención de responsabilidad
Nota al título y mención de responsabilidad Tít. original: Geschite des Konzils von Trient.
610 24 - PUNTO DE ACCESO ADICIONAL DE MATERIA--NOMBRE DE ENTIDAD CORPORATIVA
Nombre de entidad corporativa o nombre de jurisdicción como elemento de entrada Iglesia Católica
9 (RLIN) 4639
611 27 - PUNTO DE ACCESO ADICIONAL DE MATERIA--NOMBRE DE REUNIÓN/CONGRESO
Nombre de congreso/reunión o jurisdicción como elemento de entrada Concilio de Trento
Fecha del congreso o de la firma del tratado (1545-1563)
Fuente del encabezamiento o término
9 (RLIN) 135069
700 1# - ENTRADA AGREGADA--NOMBRE PERSONAL
Nombre de persona Ruiz Bueno, Daniel.
9 (RLIN) 100677
700 0# - ENTRADA AGREGADA--NOMBRE PERSONAL
Nombre de persona Prieto Martín, Emilio.
9 (RLIN) 93934
710 2# - ENTRADA AGREGADA--NOMBRE DE ENTIDAD CORPORATIVA
Nombre de entidad corporativa o nombre de jurisdicción como elemento de entrada Universidad de Navarra.
9 (RLIN) 7252
830 00 - PUNTO DE ACCESO ADICIONAL DE SERIE-TÍTULO UNIFORME
Título uniforme Biblioteca de teología
Designación de volumen o secuencia 11
9 (RLIN) 183765
852 ## - LOCALIZACIÓN
Ubicación ES-MaACL
Número de control de estantería E-13761-63
Encuadernación Olim P-316-Ter
Holdings
Estatus retirado Estado de pérdida Estado de daño No para préstamo Biblioteca de origen Biblioteca actual Ubicación en estantería Fecha de adquisición Fuente de adquisición Total de préstamos Signatura topográfica completa Código de barras Visto por última vez Precio de reemplazo Tipo de ítem Koha
        Biblioteca del Ateneo de Madrid Biblioteca del Ateneo de Madrid Depósito 2 10/12/2010     E-13761-63 1184863 23/02/2023 23/02/2023 Libro impreso